| 000 | 00711nam a22002177a 4500 | ||
|---|---|---|---|
| 003 | UA-OsUOA | ||
| 001 | 39883 | ||
| 007 | ta | ||
| 008 | 20080520b un ||||| |||| 00| 0 ukr d | ||
| 090 |
_a050 _bВ55 |
||
| 942 | _cMG | ||
| 040 |
_aUA-OsUOA _bukr _cUA-OsUOA _dUA-OsUOA |
||
| 245 |
_aВісті з Колегії _b1986: №2-3, трав.-груд.(2 пр.); 1987: №1, січ.-квіт., №2, трав.-серп.; 1989: №1, січ.-квіт.;1990: №2-3, квіт.-груд.(2 пр.); |
||
| 955 | _a4 | ||
| 041 | _aukr | ||
| 080 | _a050 | ||
| 260 | _aВінніпег | ||
| 246 | 3 | 1 | _aВидає Колегія Св. Андрея, університет Манітоби |
| 650 | 7 | _2UDC | |
| 999 |
_c438386 _d438386 |
||